000 00527nam a22001937a 4500
003 OSt
005 20190204170344.0
008 181225b xxu||||| |||| 00| 0 eng d
020 _a9780070146150
040 _cBT-PhCST
_d0
050 _a16964-16968
082 _222
_a510.2462
_bSIN
100 _aSingh, Ravish R.
245 _aEngineering mathematics :
_ba tutorial approach /
260 _aNew Delhi :
_bMcGrawHill,
_cc2012.
300 _axvi, I. 5 p. :
_bill. ;
_c23 cm.
700 _aBhatt, Mukul.
942 _2ddc
_cMATHS
_015
999 _c4908
_d4908